A Boogie wit da Hoodie Charting Songs (Billboard Hot 100) - Statistics

General Stats
  • This quiz has been taken 67 times
    10 since last reset
  • The average score is 18 of 36
Answer Stats
Album Weeks On Peak Artist(s) Song % Correct
Artist 2.0 3 Weeks #23 A Boogie wit da Hoodie ft. Roddy Ricch, Gunna & London on da Track Numbers
86%
Hoodie SZN 20 Weeks #38 A Boogie wit da Hoodie ft. 6ix9ine Swervin'
86%
Spider-Man: Across the Spider-Verse (Soundtrack from & Inspired by the Motion Picture) 7 Weeks #41 Metro Boomin', Swae Lee & NAV ft. A Boogie wit da Hoodie Calling
71%
The Bigger Artist 21 Weeks #38 A Boogie wit da Hoodie ft. Kodak Black Drowning
71%
Hoodie SZN 31 Weeks #27 A Boogie wit da Hoodie Look Back at It
71%
Artist 2.0 2 Weeks #58 A Boogie wit da Hoodie Me and My Guitar
71%
Hoodie SZN 9 Weeks #59 A Boogie wit da Hoodie ft. Offset & Tyga Startender
71%
Perfect Ten 6 Weeks #81 Mustard ft. NAV, Playboi Carti & A Boogie wit da Hoodie Baguettes in the Face
57%
Hoodie SZN 3 Weeks #90 A Boogie wit da Hoodie ft. Juice WRLD Demons & Angels
57%
Blame It on Baby 1 Week #71 DaBaby ft. A Boogie wit da Hoodie & London on da Track DROP
57%
Shoot for the Stars, Aim for the Moon (Deluxe Edition) 11 Weeks #83 Pop Smoke ft. A Boogie wit da Hoodie Hello
57%
DAY69 8 Weeks #43 6ix9ine ft. A Boogie wit da Hoodie & Fetty Wap KEKE
57%
B4 AVA 1 Week #82 A Boogie wit da Hoodie Man in the Mirror
57%
Artist 2.0 1 Week #66 A Boogie wit da Hoodie ft. Young Thug Might Not Give Up
57%
Artist 12 Weeks #86 A Boogie wit da Hoodie My Shit
57%
Heartbreak on a Full Moon 20 Weeks #46 Chris Brown ft. Yo Gotti, A Boogie wit da Hoodie & Kodak Black Pills & Automobiles
57%
Free Spirit 11 Weeks #73 Khalid ft. A Boogie wit da Hoodie Right Back
57%
The Bigger Artist 2 Weeks #75 A Boogie wit da Hoodie Say A'
57%
Internet Money Album 4 Weeks #96 Internet Money, Lil Tecca & A Boogie wit da Hoodie Somebody
57%
TBA 4 Weeks #86 A Boogie wit da Hoodie ft. DJ SPINKING Timeless
57%
The Bigger Artist 1 Week #84 A Boogie wit da Hoodie ft. 21 Savage Undefeated
57%
Me vs. Myself 1 Week #97 A Boogie wit da Hoodie ft. Kodak Black Water (Drowning Pt. 2)
57%
The Bigger Artist 1 Week #86 A Boogie wit da Hoodie ft. PnB Rock & YoungBoy Never Broke Again Beast Mode
43%
Artist 2.0 3 Weeks #69 A Boogie wit da Hoodie King of My City
43%
The Bigger Artist 2 Weeks #74 A Boogie wit da Hoodie No Promises
43%
Please Excuse Me for Being Antisocial 7 Weeks #73 Roddy Ricch ft. A Boogie wit da Hoodie Tip Toe
43%
B4 AVA 1 Week #92 A Boogie wit da Hoodie ft. Lil Durk 24 Hours
29%
Artist 2.0 (Deluxe Edition) 1 Week #57 A Boogie wit da Hoodie Bleed
29%
Artist 2.0 1 Week #95 A Boogie wit da Hoodie Cinderella Story
29%
Artist 2.0 1 Week #76 A Boogie wit da Hoodie Mood Swings
29%
Non-Album Single 1 Week #66 A Boogie wit da Hoodie Part of Me
29%
Artist 2.0 2 Weeks #49 A Boogie wit da Hoodie ft. Lil Uzi Vert Reply
29%
Over It 1 Week #68 Summer Walker ft. A Boogie wit da Hoodie Stretch You Out
29%
Artist 2.0 1 Week #73 A Boogie wit da Hoodie Thug Love
29%
DUMMY BOY 3 Weeks #51 6ix9ine ft. A Boogie wit da Hoodie WAKA
29%
Artist 2.0 1 Week #80 A Boogie wit da Hoodie ft. DaBaby Stain
14%
No matching quizzes found
Score Distribution
Percent of People with Each Score
Percentile by Number Answered
Your Score History
You have not taken this quiz since the last reset